00670nam a2200241 a 4500001001300000003000900013005001700022008004100039020000800080082001600088100002700104245001900131260004100150300001000191500003500201505001000236650001600246700002700262902000800289942000700297952010900304999001500413nice12345678IN_TiNIC20260116011555.0050524s1953 lona grp 000 0 eng  ac000a297.82bHOL aHollister, John Norman aShi`a of India aLondonbLuzac and Company Ltd.c1953 a440p. aincludes index and biblioraphy2 aIndex aShiah-India1 aHollister, John Norman bSRS cBK 00104070aHMIbHMId2007-07-30g0.00l4m1o297.82 HOLp01204r2019-06-27s2019-06-20w2026-01-16yEB c2692d2692